Země modrých růží : sbírka básní /

Hlavní autor: Vosecká, Jana
Další autoři: Hochman, Vladimír
Jazyk: Čeština
Vydáno: Praha : J. Vosecká, 2014
Vydání: Vyd. 1.
Témata:
Fyzický popis: 70 s. : il. (některé barev.), 1 portrét ; 16 cm
Knihy
Uloženo v:
LEADER 01075nam a2200325 a 4500
001 nkc20142597184
003 CZ PrNK
005 20150122143233.0
007 ta
008 140620s2014 xr ac g 000 p cze
015 |a cnb002597184 
020 |a 978-80-260-6358-2  |q (brož.) 
035 |a (OCoLC)894843316 
040 |a OLA001  |b cze  |d ABA001 
072 7 |a 821.162.3-1  |x Česká poezie  |2 Konspekt  |9 25 
080 |a 821.162.3-1  |2 MRF 
080 |a (0:82-1)  |2 MRF 
100 1 |a Vosecká, Jana  |7 jo2013758834  |4 aut 
245 1 0 |a Země modrých růží :  |b sbírka básní /  |c Jana Vosecká ; [ilustrace Vladimír Hochman] 
250 |a Vyd. 1. 
260 |a Praha :  |b J. Vosecká,  |c 2014 
300 |a 70 s. :  |b il. (některé barev.), 1 portrét ;  |c 16 cm 
655 7 |a česká poezie  |7 fd133958  |2 czenas 
655 9 |a Czech poetry  |2 eczenas 
700 1 |a Hochman, Vladimír  |4 ill 
910 2 |a BOA001  |b 1-1332.332 
990 |a BK 
995 |a 01 
991 |b 201410  |c NOV  |e b  |g g 
996 6 |b 2610605559  |c 1-1332.332  |l MZK  |r Sklad / do 1 hodiny  |n 0  |p p.v.  |w 001459089  |u 000010  |a 1  |e BOA001  |j MZK50  |s P